Writing effective e-mail / (Record no. 339)

000 -LEADER
fixed length control field nam a22 a 4500
003 - CONTROL NUMBER IDENTIFIER
control field AKMAL
005 - DATE AND TIME OF LATEST TRANSACTION
control field 20170503120210.0
008 - FIXED-LENGTH DATA ELEMENTS--GENERAL INFORMATION
fixed length control field 170503s2000 -us e 000 0 eng d
020 ## - INTERNATIONAL STANDARD BOOK NUMBER
International Standard Book Number 0749433264 (pbk.)
040 ## - CATALOGING SOURCE
Original cataloging agency AKMAL
082 04 - DEWEY DECIMAL CLASSIFICATION NUMBER
Classification number 004.692 FLY
Edition number 21
090 00 - LOCALLY ASSIGNED LC-TYPE CALL NUMBER (OCLC); LOCAL CALL NUMBER (RLIN)
Classification number (OCLC) (R) ; Classification number, CALL (RLIN) (NR) 004.692
Local cutter number (OCLC) ; Book number/undivided call number, CALL (RLIN) FLY
100 1# - MAIN ENTRY--PERSONAL NAME
Personal name Flynn, Nancy L.,
Dates associated with a name 1956-
9 (RLIN) 770
245 10 - TITLE STATEMENT
Title Writing effective e-mail /
Statement of responsibility, etc. Nancy Flynn and Tom Flynn
260 ## - PUBLICATION, DISTRIBUTION, ETC.
Place of publication, distribution, etc. London :
Name of publisher, distributor, etc. Kogan Page,
Date of publication, distribution, etc. 2000
300 ## - PHYSICAL DESCRIPTION
Extent viii, 82p. ;
Dimensions 22cm.
490 1# - SERIES STATEMENT
Series statement Creating success
500 ## - GENERAL NOTE
General note Published in association with the Sunday Times
650 10 - SUBJECT ADDED ENTRY--TOPICAL TERM
Topical term or geographic name entry element Electronic mail systems
9 (RLIN) 771
650 20 - SUBJECT ADDED ENTRY--TOPICAL TERM
Topical term or geographic name entry element Electronic systems
9 (RLIN) 772
700 1# - ADDED ENTRY--PERSONAL NAME
Personal name Flynn, Tom
9 (RLIN) 773
710 2# - ADDED ENTRY--CORPORATE NAME
Corporate name or jurisdiction name as entry element The Sunday Times
9 (RLIN) 774
830 #0 - SERIES ADDED ENTRY--UNIFORM TITLE
Uniform title Creating success
9 (RLIN) 775
942 ## - ADDED ENTRY ELEMENTS (KOHA)
Source of classification or shelving scheme
Koha item type Book
Holdings
Withdrawn status Lost status Source of classification or shelving scheme Damaged status Not for loan Collection code Home library Current library Shelving location Date acquired Inventory number Total Checkouts Full call number Barcode Date last seen Price effective from Koha item type
          NON-FICTION | AKMAL Melaka AKMAL Melaka PINJAMAN 03.05.2017 000633   004.692 FLY 201701200 03.05.2017 03.05.2017 Book
Pusat Sumber Maklumat Dato' Haji Sarmin Md Hussin, Akademi Kastam Diraja Malaysia, Melaka
Tel: 06-2331106 | Faks: 06-2313787